Methods of text and discourse analysis
Saved in:
| Main Authors: | , , , |
|---|---|
| Format: | Bog |
| Sprog: | engelsk |
| Udgivet: |
Londres
Sage
2000
|
| Fag: | |
| Tags: |
Tilføj Tag
Ingen Tags, Vær først til at tagge denne postø!
|
MARC
| LEADER | 00000nam a2200000 a 4500 | ||
|---|---|---|---|
| 001 | UCM2479 | ||
| 003 | CL-VaPUC | ||
| 008 | 020607e20000000UK |||||||||||||||||eng|d | ||
| 020 | |a 0761964835 | ||
| 082 | 0 | 4 | |a 401.41 |b TIT |2 21 |
| 100 | 0 | |a Titscher, Stefan |e author |9 469233 | |
| 700 | |a Meyer, Michael |e author |9 477424 | ||
| 700 | 0 | |a Wodak, Ruth |e author |9 469235 | |
| 700 | 0 | |a Vetter, Eva |e author |9 469236 | |
| 245 | 1 | 0 | |a Methods of text and discourse analysis |
| 300 | |a 278 p | ||
| 942 | |c BK | ||
| 945 | |d 20020607 00:00:00 |a vberengu | ||
| 260 | |a Londres |b Sage |c 2000 | ||
| 650 | 0 | |a Análisis del discurso |9 256696 | |
| 650 | 0 | |a Análisis de textos |9 440179 | |
| 583 | |a last modification |c 20020607 00:00:00 |k Rodrigo Vera | ||
| 999 | |c 300319 |d 300317 | ||
| 952 | |0 0 |1 0 |4 0 |6 401_410000000000000_TIT_2000 |7 0 |8 A |9 357930 |a FDOPOS |b FDOPOS |d 2019-11-21 |i 3814033 |o 401.41 TIT 2000 |p 3814033 |r 2025-01-22 |w 2019-11-21 |y BK |k MLA | ||
| 952 | |0 0 |1 0 |4 0 |6 401_410000000000000_TIT_2000 |7 0 |8 A |9 357931 |a FDOPOS |b FDOPOS |d 2019-11-21 |i 4089820 |o 401.41 TIT 2000 |p 4089820 |r 2025-01-22 |w 2019-11-21 |y BK |k MLA | ||